Responses for Show #7946 - Monday, March 11, 2019

Contestants

[<< previous game]

Scott Semproni, an engineer from Portland, Oregon

Elaine Wilson, a layout artist from Manassas, Virginia

Conor Murphy, a graduate student from Thorofare, New Jersey (whose 1-day cash winnings total $9,600)

[next game >>]

Jeopardy! Round responses

MOVIE PICTURES
FOOD & DRINK
YIDDISH WORDS
A COLONEL OF TRUTH
NONFICTION
"LL" ANIMALS
    $200 1
Snakes on a Plane

Conor
    $200 20
skim

Conor
    $200 6
the grandmother

Conor
    $200 11
Colonel Sanders

Conor
    $200 16
coffee

Conor
    $200 18
alligator

Conor
    $400 2
(Alex: And that would be [*].)

Book Club

Triple Stumper
    $400 29
Snapple

Elaine
    $400 7
to complain

Scott
    $400 13
Clue

Scott
    $400 17
the American Revolution

Elaine
    $400 27
gorilla

Scott
    $600 3
Midnight Cowboy

Elaine
    $600 21
hush puppies

Conor
    $600 8
chutzpah

Elaine
    $600 14
Delta Force

Scott
    $600 26
(Alex: Real [*].)

Lolita

Triple Stumper
    $600 25
scallop

Elaine
    $800 4
Silence of the Lambs

Scott
    $800 22
(Scott: What is Smithfield?)

Underwood

Scott
Triple Stumper
    $800 9
to schmooze

Scott
    $800 12
Apocalypse Now

Scott
    $1,200 23
(Conor: What is Mars?)
(Alex: Oh, no. What is [*]? Which is no longer considered to be a planet.)

Pluto

Conor
    $800 19
a wallaby

Elaine
    $1000 5
Kiss of the Spider Woman

Elaine
    $1000 30
(Scott: What is picadillo?)

ropa vieja

ElaineScott
    $1000 10
to schvitz

Scott
    $1000 15
Qaddafi

Scott
    $1000 24
Hugo Chávez

Conor
    $1000 28
gazelle

Scott

Scores at the first commercial break (after clue 15):

Conor Elaine Scott
$600 $2,200 $5,800

Scores at the end of the Jeopardy! Round:

Conor Elaine Scott
$1,600 $5,400 $5,400

Double Jeopardy! Round responses

NORMAN LEAR, THE FIRST 96 YEARS
(Alex: And he's going to deliver all of the clues in that category.)
1870s AMERICA
(Alex: We're going backwards, aren't we?)
THE HERO
Y IS THE ONLY VOWEL
ART & ARTISTS
CHANNEL SURFING
    $400 5
Edith Bunker

Elaine
    $400 1
the Black Hills

Elaine
    $400 24
Tristan

Scott
    $400 2
a myth

Scott
    $400 25
The Scream

Conor
    $400 8
the English

Conor
    $800 6
Rita Moreno

Elaine
    $800 9
a phonograph

Elaine
    $800 10
Lafayette

Conor
    $800 3
sly

Scott
    $800 26
(Frida) Kahlo

Scott
    $800 15
California

Scott
    $1200 7
(Conor: Who is Shirley Chisholm?)

Barbara Jordan

ConorElaine
    $1200 11
Boss Tweed

Conor
    $1200 17
Pat Tillman

Conor
    $1200 4
myrrh

Elaine
    $1200 21
(Conor: Who is Gaudí?)

Picasso

ConorScott
    $3,000 18
the Beagle

Conor
    $1600 29
(Alex: Oh. Who is the invincible [*]?)

Maude

Triple Stumper
    $1600 12
(Conor: Who is Russet?)

Luther Burbank

Conor
Triple Stumper
    $1600 16
The Count of Monte Cristo

Triple Stumper
    $1600 14
lymph

Triple Stumper
    $2,000 22
(Scott: I don't know.)

El Greco

Scott
    $1600 19
Tasmania

Scott
    $2000 30
Martin & Lewis

Elaine
    $2000 13
(Thomas) Nast

Conor
    $2000 23
(Alex: You're back into a tie with Elaine.)

Kratos

Scott
    $2000 28
spry

Conor
    $2000 27
(Elaine: What is the Moulin Rouge?)
(Conor: What is the "Moulan" Rouge?)

the Folies-Bergère

ConorElaine
Triple Stumper
    $2000 20
Madagascar

Conor

Scores at the end of the Double Jeopardy! Round:

Conor Elaine Scott
$8,600 $10,200 $11,400

[wagering suggestions for these scores]

Final Jeopardy! Round responses

PLAYWRIGHTS
(Alex: If you were thinking drama, you're on the wrong track. You should have been thinking comedy.)
ConorWho is Eugene O'Neill?
$5,400
ElaineWho was Neil Simon?
$4,900
ScottWho is Arthur Miller
$10,000
Neil Simon

Final scores:

Conor Elaine Scott
$3,200 $15,100 $1,400
2nd place: $2,000 New champion: $15,100 3rd place: $1,000

Game dynamics:

Coryat scores:

Conor Elaine Scott
$8,000 $10,200 $13,400
17 R
(including 1 DD),
5 W
(including 1 DD)
15 R,
1 W
18 R,
3 W
(including 1 DD)

Combined Coryat: $31,600

[game clues] [game scores] [suggest correction]

Game tape date: 2019-01-29
The J! Archive is created by fans, for fans. Scraping, republication, monetization, and malicious use prohibited; this site may use cookies and collect identifying information. See terms. The Jeopardy! game show and all elements thereof, including but not limited to copyright and trademark thereto, are the property of Jeopardy Productions, Inc. and are protected under law. This website is not affiliated with, sponsored by, or operated by Jeopardy Productions, Inc. Join the discussion at JBoard.tv.